| 000 | 00633nam a2200217 i 4500 | ||
|---|---|---|---|
| 001 | 68134 | ||
| 003 | ES-MaACL | ||
| 005 | 20251124063452.0 | ||
| 007 | t| | ||
| 008 | 040610s1974 sp |||| | spa d | ||
| 100 | 1 |
_aGarate, Gotzon, _d1934-2008 _953919 |
|
| 245 | 1 | 0 |
_aKarl Marx y los nacionalismos separatistas / _cÁngel Gárate. |
| 260 |
_aBilbao : _bSan Miguel, _c[1974] |
||
| 300 |
_a310 p. ; _c24 cm. |
||
| 500 | _aÍndice. | ||
| 504 | _aBibliografía: p. 293-304. | ||
| 600 | 1 | 4 |
_aMarx, Karl, _d1818-1883 _978590 |
| 650 | 7 |
_aNacionalismo _2embne _915438 |
|
| 852 |
_aES-MaACL _jE-5843 |
||
| 999 |
_c68134 _d68134 |
||